000 00500nam a2200217Ia 4500
008 210210b2007 xxu||||| |||| 00| 0 eng d
020 _a8187566922
041 _aeng
082 _aS891.1 YADB
100 _aYADAW (Vijaya Narayana)
245 _aBhagavad gita: hi tech teeka
260 _aVaranasi
_bKala Prakashan
_c2007
300 _a580
650 _ateeka
650 _atech
650 _ahi
650 _agita:
650 _aBhagavad
690 _aSanskrit Poetry
906 _a073020
999 _c122814
_d122814